| Tag |
First Indicator |
Second Indicator |
Subfields |
| LEADER |
00000cam a2200000 a 4500 |
| 001 |
in00000079053 |
| 005 |
20151008055217.0 |
| 008 |
810702s1979 abc 00010 engm |
| 010 |
|
|
|a 81458686
|
| 015 |
|
|
|a C***
|
| 035 |
|
|
|a (OCoLC)06753301
|
| 035 |
|
|
|9 AAJ2838AM
|
| 040 |
|
|
|a DLC
|c DLC
|d m.c.
|d TXA
|d UtOrBLW
|
| 049 |
|
|
|a TXAM
|c [1361661]
|
| 050 |
0 |
0 |
|a PR9199.3.B6
|b F7
|
| 082 |
0 |
|
|a 811/.54
|2 19
|
| 100 |
1 |
|
|a Botting, Gary Norman Arthur,
|d 1943-
|
| 245 |
1 |
0 |
|a Freckled blue, and other poems /
|c Gary Botting.
|
| 264 |
|
1 |
|a Red Deer, Alta. :
|b Red Deer College Press,
|c [1979]
|
| 264 |
|
4 |
|c ©1979
|
| 300 |
|
|
|a 68 pages ;
|c 22 cm.
|
| 336 |
|
|
|a text
|b txt
|2 rdacontent
|
| 337 |
|
|
|a unmediated
|b n
|2 rdamedia
|
| 338 |
|
|
|a volume
|b nc
|2 rdacarrier
|
| 999 |
|
|
|a MARS
|
| 999 |
f |
f |
|s 03b43477-b409-3695-ae2d-b028691a73ed
|i d58e5163-d290-3d78-bd4c-5f21c8478731
|t 0
|
| 952 |
f |
f |
|p ric
|a Texas A&M University
|b Rellis Campus
|c Joint Library Facility
|d Remote Storage
|t 0
|e PR9199.3.B6 F7
|h Library of Congress classification
|i unmediated -- volume
|m A14806188057
|
| 998 |
f |
f |
|a PR9199.3.B6 F7
|t 0
|l Remote Storage
|